000 00254 a2200097 4500
001 34624
100 _aMcclure, Stuart
245 _aHacking Exposed Network security secrets and solutions
260 _aND
_bTata McGraw Hill
_c1999
090 _c22907
_d22907
942 _aNUST-CAE
_cM
_c14344
999 _c269697
_d269697